000 00599nam a2200205 a 4500
003 PILC
005 20160315153919.0
008 080905s19uu xx 00 eng d
020 _a0194551008
050 _aG 155.A1
_b.W177 2006
100 _aWalker, Robin.
245 _aTourism 1 (student's book) :
_boxford english for careers /
_cRobin Walker.
260 _aOxford :
_bOxford University Press,
_c2006.
300 _a143 pages :
_bcolor illustrations ;
_c25 cm.
500 _aIncludes glossary.
650 _aTourism.
700 _aHarding, Keith.
942 _cBK
_2lcc
_kFOR
999 _c39558
_d39558